Grammatik im handlungsorientierten Fremdsprachenunterricht
Úloha získavania gramatických kompetencií vo vyučovaní cudzích jazykov orientovanom na prax. Vyučovanie jazykov orientované na prax sa zakladá na poznaní, že v procese osvojovania si jazyka je smerodajná potreba naučiť sa aktívne komunikovať.
Guardado en:
| Autor principal: | |
|---|---|
| Formato: | Capítulo de libro |
| Lenguaje: | alemán |
| Materias: | |
| Etiquetas: |
Sin Etiquetas, Sea el primero en etiquetar este registro!
|
MARC
| LEADER | 00000nla a2200000 4500 | ||
|---|---|---|---|
| 001 | 0181755 | ||
| 005 | 20240502073122.6 | ||
| 041 | 0 | |a ger | |
| 044 | |a SK | ||
| 245 | 1 | 0 | |a Grammatik im handlungsorientierten Fremdsprachenunterricht |c Heike Kuban |
| 520 | |a Úloha získavania gramatických kompetencií vo vyučovaní cudzích jazykov orientovanom na prax. Vyučovanie jazykov orientované na prax sa zakladá na poznaní, že v procese osvojovania si jazyka je smerodajná potreba naučiť sa aktívne komunikovať. | ||
| 610 | 2 | 0 | |a vzdelávanie |
| 610 | 2 | 0 | |a vyučovanie |
| 610 | 2 | 0 | |a jazyky cudzie |
| 610 | 2 | 0 | |a nemčina |
| 610 | 2 | 0 | |a gramatika |
| 100 | 1 | |a Kuban, Heike | |